|
|
|
|
| LEADER |
00000nam0a2200000 4500 |
| 001 |
81238 |
| 005 |
20231031095103.0 |
| 035 |
|
|
|a (RuTPU)RU\TPU\book\87337
|
| 090 |
|
|
|a 81238
|
| 100 |
|
|
|a 20050919d1966 km y0rusy50 ca
|
| 101 |
1 |
|
|a rus
|c ger
|
| 102 |
|
|
|a RU
|
| 105 |
|
|
|a a z 001zy
|
| 200 |
1 |
|
|a Практические сведения по вакуумной технике. Получение и измерение низких давлений
|e пер. с нем.
|f Г. Л. Эшбах
|g под ред. Р. А. Нилендера
|
| 210 |
|
|
|a Москва
|a Ленинград
|c Энергия
|d 1966
|
| 215 |
|
|
|a 296 с.
|c ил.
|
| 300 |
|
|
|a Доп. тит. лист
|
| 320 |
|
|
|a Библиогр.: с. 280-291.
|
| 610 |
1 |
|
|a техника
|
| 610 |
1 |
|
|a вакуумная техника
|
| 610 |
1 |
|
|a практика
|
| 610 |
1 |
|
|a получение
|
| 610 |
1 |
|
|a измерение
|
| 610 |
1 |
|
|a низкие давления
|
| 610 |
1 |
|
|a сверхвысоковакуумные системы
|
| 675 |
|
|
|a 621.52
|v 3
|
| 700 |
|
1 |
|a Эшбах
|b Г. Л.
|g Ганс Людвиг
|
| 702 |
|
1 |
|a Нилендер
|b Р. А.
|4 340
|
| 801 |
|
1 |
|a RU
|b 63413507
|c 20050919
|g PSBO
|
| 801 |
|
2 |
|a RU
|b 63413507
|c 20130325
|g PSBO
|
| 942 |
|
|
|c BK
|